Change by design (Record no. 85156)
[ view plain ]
| 000 -LEADER | |
|---|---|
| fixed length control field | 00463nam a2200169Ia 4500 |
| 008 - FIXED-LENGTH DATA ELEMENTS--GENERAL INFORMATION | |
| fixed length control field | 230125s9999 xx 000 0 und d |
| 041 ## - LANGUAGE CODE | |
| Language code of text/sound track or separate title | eng |
| 082 ## - DEWEY DECIMAL CLASSIFICATION NUMBER | |
| Classification number | 650 |
| Item number | BLA/MOU |
| 100 ## - MAIN ENTRY--PERSONAL NAME | |
| Personal name | Blake R R |
| 9 (RLIN) | 108316 |
| 245 ## - TITLE STATEMENT | |
| Title | Change by design |
| 260 ## - PUBLICATION, DISTRIBUTION, ETC. (IMPRINT) | |
| Name of publisher, distributor, etc. | Suchandra publication |
| Place of publication, distribution, etc. | Mumbai |
| 300 ## - PHYSICAL DESCRIPTION | |
| Extent | 236p |
| 500 ## - GENERAL NOTE | |
| Keywords | OD |
| 650 ## - SUBJECT ADDED ENTRY--TOPICAL TERM | |
| Topical term or geographic name as entry element | Organization Development |
| 9 (RLIN) | 108317 |
| 700 ## - ADDED ENTRY--PERSONAL NAME | |
| Personal name | Blake R R; Mouton J S & McCanse A A |
| 9 (RLIN) | 108318 |
| Withdrawn status | Lost status | Damaged status | Not for loan | Home library | Current library | Date acquired | Vendor | Cost, normal purchase price | Bill number | Full call number | Barcode | Date last seen | Cost, replacement price | Bill Date | Koha item type | Original Barcode |
|---|---|---|---|---|---|---|---|---|---|---|---|---|---|---|---|---|
| Withdrawn 2022-23 | Smt. Hiraben Nanavati Institute of Management & Research for Women | Smt. Hiraben Nanavati Institute of Management & Research for Women | 26/04/2006 | Dr. P N Singh Centre for HRD | 350.00 | HRDC/2006-07/20 | 650 BLA/MOU B05200 | HIMR-BK-5200 | 25/01/2023 | 350.00 | 18/04/2006 | Books | B05200 |